[Event "London league"]
[Site "?"]
[Date "2001.11.26"]
[Round "?"]
[White "Linton, W."]
[Black "Stebbings, A."]
[Result "1/2-1/2"]
[WhiteElo "2144"]
[BlackElo "2168"]
[PlyCount "54"]
[EventDate "2001.??.??"]

1. e4 c5 2. Nc3 Nc6 3. f4 g6 4. Nf3 Bg7 5. Bc4 e6 6. f5 Nge7 7. fxe6 fxe6 8.
O-O d5 9. Bb5 O-O 10. Bxc6 Nxc6 11. d3 Nd4 12. Kh1 Qd6 13. Bg5 Bd7 14. Qd2 b5
15. exd5 Nxf3 16. Rxf3 Rxf3 17. gxf3 exd5 18. Bh6 b4 19. Bxg7 Kxg7 20. Ne2 Rf8
21. Kg2 Qe6 22. Ng1 d4 23. Re1 Qf6 24. Qf2 Re8 25. Rxe8 Bxe8 26. Qg3 Qe7 27.
Nh3 Bc6 1/2-1/2

[Event "London league"]
[Site "?"]
[Date "2001.12.10"]
[Round "?"]
[White "Stebbings, A."]
[Black "Quillan, G."]
[Result "0-1"]
[WhiteElo "2168"]
[BlackElo "2232"]
[PlyCount "78"]
[EventDate "2001.??.??"]

1. e4 e6 2. d4 d5 3. Nd2 Nf6 4. e5 Nfd7 5. f4 c5 6. c3 Nc6 7. Ndf3 cxd4 8. cxd4
Qb6 9. g3 Bb4+ 10. Kf2 g5 11. Be3 f6 12. Bh3 h5 13. Bxe6 gxf4 14. gxf4 fxe5 15.
fxe5 Ndxe5 16. Bxc8 Nxf3 17. Bxb7 Ne1 18. Bxc6+ Qxc6 19. Ne2 Qf6+ 20. Nf4 Qh4+
21. Ke2 Qg4+ 22. Kf2 Qh4+ 23. Ke2 Qg4+ 24. Kf1 Nc2 25. Qxc2 Qf3+ 26. Kg1 Qxe3+
27. Qf2 Qxf2+ 28. Kxf2 O-O 29. Kg3 Bd6 30. Rhf1 Rae8 31. Rf3 Re4 32. Raf1 Rxd4
33. h3 Re4 34. R1f2 d4 35. b3 Rexf4 36. Rxf4 Rxf4 37. Rc2 d3 38. Rd2 Rd4+ 39.
Kf3 Bf4 0-1

[Event "London league"]
[Site "?"]
[Date "2002.01.17"]
[Round "?"]
[White "Stebbings, A."]
[Black "Botley, G."]
[Result "0-1"]
[WhiteElo "2168"]
[BlackElo "2008"]
[PlyCount "72"]
[EventDate "2002.??.??"]

1. e4 c5 2. Nf3 e6 3. d4 cxd4 4. Nxd4 a6 5. Nc3 b5 6. Bd3 Bb7 7. O-O Be7 8. Be3
d6 9. f4 Nf6 10. Qf3 Nbd7 11. Rae1 Nc5 12. a3 O-O 13. Bf2 d5 14. e5 Nfe4 15.
Bxe4 Nxe4 16. Nxe4 dxe4 17. Qg4 Qd5 18. c3 Bc5 19. Rd1 Rad8 20. Bh4 e3 21. Bxd8
Rxd8 22. Qe2 Qe4 23. Nb3 Rxd1 24. Rxd1 Qxg2+ 25. Qxg2 e2+ 26. Rd4 Bxg2 27. Nxc5
e1=Q+ 28. Kxg2 Qe2+ 29. Kg3 h5 30. Nd3 Kh7 31. Rd6 Kg6 32. Rd7 h4+ 33. Kxh4
Qxh2+ 34. Kg4 Qg2+ 35. Kh4 f5 36. exf6 gxf6 0-1

[Event "Kent league"]
[Site "?"]
[Date "2005.02.07"]
[Round "?"]
[White "Bansal, N."]
[Black "Stebbings, A."]
[Result "0-1"]
[WhiteElo "1925"]
[BlackElo "2200"]
[PlyCount "62"]
[EventDate "2005.??.??"]

1. e4 c5 2. Nf3 g6 3. d4 cxd4 4. Nxd4 Bg7 5. Nc3 Nc6 6. Be3 Nf6 7. Be2 O-O 8.
Qd2 d5 9. exd5 Nxd5 10. Nxd5 Qxd5 11. Bf3 Qc4 12. Be2 Qd5 13. Bf3 Qe5 14. Bxc6
bxc6 15. O-O Rd8 16. Nxc6 Rxd2 17. Nxe5 Rxc2 18. f4 Rxb2 19. Rf2 Rb5 20. Rc1
Bxe5 21. fxe5 Rxe5 22. Bf4 Re4 23. Bg3 Be6 24. Rfc2 a5 25. a3 f6 26. Rc7 Kf7
27. Bd6 Bd5 28. Rd1 Bb3 29. Rd3 Rd8 30. Rh3 Rxd6 31. Rxh7+ Kg8 0-1

[Event "London league"]
[Site "?"]
[Date "2005.11.23"]
[Round "?"]
[White "Stebbings, A."]
[Black "Reynolds, D."]
[Result "1/2-1/2"]
[WhiteElo "2200"]
[BlackElo "2125"]
[PlyCount "99"]
[EventDate "2005.??.??"]

1. d4 Nf6 2. c4 e6 3. Nc3 Bb4 4. e3 O-O 5. Nge2 d5 6. a3 Be7 7. cxd5 exd5 8. b4
Bf5 9. Ng3 Bg6 10. f4 Ne4 11. Ncxe4 Bxe4 12. Nxe4 dxe4 13. Bc4 c6 14. Qc2 Bf6
15. Bb2 Qe7 16. O-O Nd7 17. b5 Rac8 18. bxc6 Nb6 19. Ba2 Rxc6 20. Qe2 Rfc8 21.
Rfc1 g6 22. Bb3 Qd7 23. Rxc6 Rxc6 24. Rc1 Be7 25. Qd2 a6 26. h3 Nd5 27. Rxc6
Qxc6 28. a4 b6 29. Qc1 Qxc1+ 30. Bxc1 Nb4 31. Bd2 Kg7 32. Bc4 f5 33. g4 h6 34.
gxf5 gxf5 35. Kf2 Bh4+ 36. Ke2 a5 37. Be6 Kg6 38. Bc3 Na6 39. Bc4 Nc7 40. d5
Ne8 41. Be5 Be7 42. Bb5 Nd6 43. Bd7 Nc4 44. Be8+ Kh7 45. Bd7 Kg6 46. Bd4 Bc5
47. Be8+ Kh7 48. Bd7 Kg6 49. Be8+ Kh7 50. Bd7 1/2-1/2

[Event "Kent league"]
[Site "?"]
[Date "2006.10.12"]
[Round "?"]
[White "Stebbings, A."]
[Black "Everson, R."]
[Result "1-0"]
[WhiteElo "2200"]
[BlackElo "2015"]
[PlyCount "73"]
[EventDate "2006.??.??"]

1. e4 c5 2. Nf3 d6 3. d4 cxd4 4. Nxd4 Nf6 5. Nc3 g6 6. Be2 Bg7 7. O-O O-O 8.
Bg5 Nc6 9. Nb3 Be6 10. Kh1 Ne5 11. f4 Nc6 12. Bf3 Rc8 13. Qe1 Nb4 14. Qd2 Qc7
15. a3 Nc6 16. Nd5 Bxd5 17. exd5 Nb8 18. c3 Nbd7 19. Rfe1 Nb6 20. Rad1 Rfe8 21.
Bh4 Nc4 22. Qc2 Qb6 23. Bf2 Qb5 24. Re2 Rc7 25. Nd4 Qd7 26. a4 Rcc8 27. b3 Nb6
28. Nb5 Ng4 29. Bxg4 Qxg4 30. c4 Nd7 31. Nxa7 Rb8 32. Be3 Nc5 33. Nb5 Rbc8 34.
Rde1 Bf6 35. Bc1 Bh4 36. Rf1 Nxb3 37. h3 1-0

[Event "London league"]
[Site "?"]
[Date "2007.02.12"]
[Round "?"]
[White "Sedgwick, D."]
[Black "Stebbings, A."]
[Result "0-1"]
[WhiteElo "2060"]
[BlackElo "2200"]
[PlyCount "78"]
[EventDate "2007.??.??"]

1. e4 c5 2. c3 Nf6 3. e5 Nd5 4. d4 cxd4 5. cxd4 d6 6. Nf3 e6 7. Bc4 Nc6 8. O-O
Be7 9. Nbd2 O-O 10. Ne4 Qc7 11. Nxd6 Bxd6 12. exd6 Qxd6 13. Re1 b6 14. Ne5 Bb7
15. Qg4 Nf6 16. Qg3 Nxd4 17. Bd3 Ne4 18. Nc4 Qxg3 19. hxg3 Nc5 20. Bb1 Rfd8 21.
b4 Na6 22. Bd2 Rac8 23. Ne5 Nc2 24. Bxc2 Rxc2 25. Bf4 Nxb4 26. Rec1 Rdc8 27.
Rxc2 Rxc2 28. a4 f6 29. Nf3 e5 30. Be3 Nd5 31. a5 Nxe3 32. fxe3 b5 33. Rd1 Rc7
34. g4 Kf7 35. g5 Ke7 36. gxf6+ gxf6 37. Kf2 Rc2+ 38. Kg3 Ra2 39. Rh1 Be4 0-1

[Event "Kent league"]
[Site "?"]
[Date "2007.02.21"]
[Round "?"]
[White "Bishop, G."]
[Black "Stebbings, A."]
[Result "0-1"]
[WhiteElo "1920"]
[BlackElo "2200"]
[PlyCount "64"]
[EventDate "2007.??.??"]

1. e4 c5 2. Nf3 e6 3. d4 cxd4 4. Nxd4 Nc6 5. Nb5 d6 6. Bf4 e5 7. Be3 a6 8. N5c3
Nf6 9. Bg5 Be7 10. Bc4 O-O 11. Bxf6 Bxf6 12. Nd5 Bg5 13. h4 Be7 14. Nbc3 Be6
15. Nxe7+ Qxe7 16. Nd5 Qd8 17. Bb3 Rc8 18. c3 Na5 19. h5 Kh8 20. h6 g6 21. g4
Qg5 22. Rg1 Qxh6 23. Qf3 Qg5 24. Nf6 Kg7 25. Rh1 h6 26. Nh5+ gxh5 27. gxh5 Nxb3
28. axb3 Bxb3 29. Rh3 Kh7 30. Rg3 Qf4 31. Qd3 Bc4 32. Qc2 Rg8 0-1

[Event "London league"]
[Site "?"]
[Date "2007.09.26"]
[Round "?"]
[White "Franklin, M."]
[Black "Stebbings, A."]
[Result "0-1"]
[WhiteElo "2185"]
[BlackElo "2200"]
[PlyCount "81"]
[EventDate "2007.??.??"]

1. d4 Nf6 2. Nf3 e6 3. e3 c5 4. Nbd2 b6 5. c3 Bb7 6. Bd3 Nc6 7. O-O Be7 8. Qe2
Qc7 9. dxc5 bxc5 10. e4 d5 11. Re1 O-O 12. e5 Nd7 13. Nf1 Rfe8 14. Bf4 Nf8 15.
Bg3 Qb6 16. h3 a5 17. N1h2 Ba6 18. Rab1 a4 19. a3 Bxd3 20. Qxd3 Qa6 21. Qc2
Rab8 22. h4 h6 23. h5 Rb3 24. Bf4 Reb8 25. Bc1 d4 26. Nd2 R3b7 27. Nhf3 dxc3
28. Qxc3 Nd7 29. Ne4 Rb3 30. Qc2 Ndxe5 31. Nxe5 Nxe5 32. Nd2 Nd3 33. Re4 Nxc1
34. Qxc1 Rd3 35. Qc2 Rd4 36. Rbe1 Qd3 37. Qxd3 Rxd3 38. Nc4 Bf6 39. R1e2 Rd1+
40. Kh2 Rd4 41. Rxd4 0-1

[Event "London league"]
[Site "?"]
[Date "2007.10.29"]
[Round "?"]
[White "Burbidge, D."]
[Black "Stebbings, A."]
[Result "0-1"]
[WhiteElo "2040"]
[BlackElo "2200"]
[PlyCount "76"]
[EventDate "2007.??.??"]

1. d4 Nf6 2. e3 g6 3. Bd3 Bg7 4. Nf3 O-O 5. O-O d5 6. Nbd2 c5 7. c3 Nbd7 8. b3
Qc7 9. Bb2 e5 10. dxe5 Nxe5 11. Nxe5 Qxe5 12. Nf3 Qe7 13. Qc2 b6 14. Rae1 Bb7
15. Nd2 Rad8 16. a4 Qc7 17. h3 c4 18. bxc4 dxc4 19. Be2 Rfe8 20. Rd1 Bd5 21.
Nf3 Qb7 22. a5 b5 23. Ba3 Be4 24. Qb2 Nd5 25. Bb4 a6 26. Rc1 f5 27. Rfd1 f4 28.
Ng5 Bxg2 29. f3 Nxe3 30. Rxd8 Rxd8 31. Bc5 Qd5 32. Bxe3 Qxg5 33. Bxf4 Qxf4 34.
Kxg2 Rd2 35. Rc2 Rd5 36. Qc1 Rg5+ 37. Kh1 Qg3 38. Qf1 Rh5 0-1

[Event "London league"]
[Site "?"]
[Date "2007.11.14"]
[Round "?"]
[White "Randall, R."]
[Black "Stebbings, A."]
[Result "1/2-1/2"]
[WhiteElo "2170"]
[BlackElo "2200"]
[PlyCount "55"]
[EventDate "2007.??.??"]

1. e4 c5 2. Nf3 e6 3. d4 cxd4 4. Nxd4 Nc6 5. Nb5 d6 6. c4 Nf6 7. N1c3 a6 8. Na3
Be7 9. Be2 b6 10. Be3 Bb7 11. O-O O-O 12. f3 Qc7 13. Qe1 Ne5 14. Qf2 Ned7 15.
Rfd1 Rac8 16. Rd2 Ba8 17. Rad1 Rfd8 18. Bf1 Qb8 19. g3 Bc6 20. Nc2 Ba8 21. Na3
h6 22. Na4 Nc5 23. Nc3 Ncd7 24. Bg2 Bc6 25. Nc2 Ba8 26. Na3 Bc6 27. Nc2 Ba8 28.
Na3 1/2-1/2

[Event "Kent league"]
[Site "?"]
[Date "2007.12.05"]
[Round "?"]
[White "Stebbings, A."]
[Black "Rutland, P."]
[Result "1-0"]
[WhiteElo "2200"]
[BlackElo "1980"]
[PlyCount "71"]
[EventDate "2007.??.??"]

1. e4 c5 2. Nf3 d6 3. d4 cxd4 4. Nxd4 Nf6 5. Nc3 Nc6 6. f4 e6 7. Be3 Be7 8. Qf3
a6 9. O-O-O Qc7 10. g4 Nxd4 11. Bxd4 e5 12. fxe5 Bxg4 13. Qg3 Bxd1 14. exf6
Bxf6 15. Bxf6 gxf6 16. Kxd1 O-O-O 17. Bd3 Rhg8 18. Qf2 Kb8 19. Rf1 Rg7 20. Nd5
Qa5 21. Qxf6 Rdg8 22. Qxd6+ Ka7 23. a3 Rg1 24. Qb4 Rxf1+ 25. Bxf1 Qd8 26. c3
Rg6 27. Kc2 Qh4 28. Qd4+ b6 29. h3 Qg3 30. Kb3 Qe1 31. Qc4 b5 32. Qc5+ Kb7 33.
Qe7+ Ka8 34. Qe8+ Kb7 35. Qxf7+ Ka8 36. Qe8+ 1-0

[Event "London league"]
[Site "?"]
[Date "2007.12.12"]
[Round "?"]
[White "Stebbings, A."]
[Black "Elwin, A."]
[Result "1-0"]
[WhiteElo "2200"]
[BlackElo "2040"]
[PlyCount "65"]
[EventDate "2007.??.??"]

1. e4 c6 2. d4 d5 3. exd5 cxd5 4. c4 Nf6 5. Nc3 Nc6 6. Bg5 dxc4 7. Bxc4 e6 8.
Nf3 Be7 9. O-O O-O 10. Re1 a6 11. a3 b5 12. Ba2 Bb7 13. Qd3 Re8 14. Rad1 Nd5
15. Bxe7 Ncxe7 16. Ng5 Ng6 17. Bxd5 Bxd5 18. Nxd5 Qxd5 19. Ne4 Rad8 20. Nc3 Qg5
21. Qf3 Nh4 22. Qh3 Nf5 23. d5 exd5 24. Nxd5 g6 25. Qc3 f6 26. Rxe8+ Rxe8 27.
Nxf6+ Kf7 28. Nxe8 Kxe8 29. Qh8+ Kf7 30. Qxh7+ Ke6 31. Qd7+ Ke5 32. Re1+ Kf4
33. Qd2+ 1-0

[Event "Kent league"]
[Site "?"]
[Date "2008.01.10"]
[Round "?"]
[White "Stebbings, A."]
[Black "Watson, I."]
[Result "1/2-1/2"]
[WhiteElo "2200"]
[BlackElo "2235"]
[PlyCount "26"]
[EventDate "2008.??.??"]

1. e4 Nc6 2. d4 e5 3. dxe5 Nxe5 4. Nc3 Bc5 5. f4 Nc6 6. Nf3 d6 7. Na4 Bb6 8.
Nxb6 axb6 9. Bc4 Nf6 10. e5 dxe5 11. Qxd8+ Nxd8 12. Nxe5 O-O 13. O-O Be6
1/2-1/2

[Event "London league"]
[Site "?"]
[Date "2008.01.14"]
[Round "?"]
[White "Cavalcanti, C."]
[Black "Stebbings, A."]
[Result "0-1"]
[WhiteElo "1960"]
[BlackElo "2200"]
[PlyCount "102"]
[EventDate "2008.??.??"]

1. d4 Nf6 2. Nf3 e6 3. c4 Bb4+ 4. Nc3 c5 5. dxc5 Nc6 6. Qd3 O-O 7. a3 Bxc5 8.
Bg5 Be7 9. e4 Qb6 10. Qc2 d6 11. Bd3 h6 12. Be3 Qc7 13. h3 Bd7 14. O-O Rac8 15.
Qe2 Rfd8 16. Nb5 Qb8 17. Rac1 b6 18. Bf4 Ne5 19. Rfd1 Bc6 20. Nc3 Bb7 21. Nxe5
dxe5 22. Be3 Bc5 23. Na4 Bd4 24. f3 Nh5 25. Kh2 Nf4 26. Bxf4 exf4 27. Nc3 Qe5
28. Rc2 a6 29. Qe1 Rd7 30. Bf1 Rcd8 31. Rcd2 Bc6 32. Rd3 Bxc3 33. Qxc3 Qxc3 34.
bxc3 Rxd3 35. Rxd3 Rxd3 36. Bxd3 a5 37. Kg1 Kf8 38. e5 Ke7 39. Bc2 f6 40. exf6+
gxf6 41. a4 Kd6 42. Kf2 Kc5 43. Bb3 Bb7 44. Ke2 Ba6 45. Kd3 f5 46. Ba2 e5 47.
Bb3 Bb7 48. Ke2 e4 49. Kf2 Ba6 50. Ke1 Bxc4 51. Bc2 Bd5 0-1

[Event "Kent league"]
[Site "?"]
[Date "2008.01.15"]
[Round "?"]
[White "Mack, A."]
[Black "Stebbings, A."]
[Result "0-1"]
[WhiteElo "2195"]
[BlackElo "2200"]
[PlyCount "71"]
[EventDate "2008.??.??"]

1. e4 c5 2. Nf3 e6 3. Nc3 Nc6 4. d4 cxd4 5. Nxd4 Qc7 6. g3 a6 7. Bg2 Nf6 8. O-O
d6 9. Be3 Be7 10. Nxc6 bxc6 11. Na4 Rb8 12. c4 c5 13. b3 O-O 14. Nc3 Bb7 15.
Rc1 Nd7 16. Qe2 Ne5 17. f4 Nc6 18. g4 Nd4 19. Qf2 e5 20. f5 Qd8 21. Qd2 h6 22.
Ne2 Bg5 23. Nxd4 Bxe3+ 24. Qxe3 exd4 25. Qg3 f6 26. h4 Re8 27. Rf4 Re5 28. Re1
Qe7 29. g5 fxg5 30. hxg5 Qxg5 31. Rg4 Qe7 32. Rg6 Rf8 33. Rxh6 Rfxf5 34. Rh4
Rh5 35. Rxh5 Rxh5 36. Re2 0-1

[Event "Kent league"]
[Site "?"]
[Date "2008.01.22"]
[Round "?"]
[White "Stebbings, A."]
[Black "Briggs, J."]
[Result "1-0"]
[WhiteElo "2200"]
[BlackElo "2130"]
[PlyCount "45"]
[EventDate "2008.??.??"]

1. d4 Nf6 2. c4 e6 3. Nc3 c5 4. Nf3 cxd4 5. Nxd4 Nc6 6. g3 a6 7. Bg2 Be7 8. O-O
Ne5 9. b3 Qc7 10. Bb2 h5 11. Qc2 h4 12. Ne4 Nfg4 13. Rad1 Nxh2 14. Kxh2 hxg3+
15. Kg1 gxf2+ 16. Nxf2 b5 17. Rfe1 Rh2 18. Qe4 Rb8 19. Nxe6 Rxg2+ 20. Kxg2 dxe6
21. Bxe5 Qb6 22. Qh7 Bb7+ 23. e4 1-0

[Event "London league"]
[Site "?"]
[Date "2008.02.06"]
[Round "?"]
[White "Stebbings, A."]
[Black "McDonnell, J."]
[Result "0-1"]
[WhiteElo "2200"]
[BlackElo "2030"]
[PlyCount "83"]
[EventDate "2008.??.??"]

1. e4 c5 2. Nf3 Nc6 3. d4 cxd4 4. Nxd4 Nf6 5. Nc3 d6 6. f4 e6 7. Be3 Be7 8. Qf3
O-O 9. O-O-O Nxd4 10. Rxd4 Qa5 11. Rd2 Bd7 12. Bd3 Rfc8 13. Kb1 Rxc3 14. bxc3
Qxc3 15. Rdd1 Qb4+ 16. Kc1 Bc6 17. Bd2 Qd4 18. c3 Qa4 19. c4 Nxe4 20. Bxe4
Qxc4+ 21. Qc3 Qxe4 22. Rhe1 Qg6 23. Be3 Rc8 24. Kb2 Bd7 25. Qd2 Bf6+ 26. Bd4
Rc4 27. Bxf6 Qxf6+ 28. Kb1 Qf5+ 29. Kb2 d5 30. g3 Qf6+ 31. Kb1 Qd8 32. Re3 Ba4
33. Rc1 Qb6+ 34. Ka1 Rxc1+ 35. Qxc1 Qd4+ 36. Qc3 Qxc3+ 37. Rxc3 Bc6 38. Kb2 Kf8
39. Ra3 a6 40. Kc3 Ke7 41. Kd4 Kd6 42. Re3 0-1

[Event "London league"]
[Site "?"]
[Date "2008.02.28"]
[Round "?"]
[White "Peterson, T."]
[Black "Stebbings, A."]
[Result "0-1"]
[WhiteElo "2070"]
[BlackElo "2200"]
[PlyCount "94"]
[EventDate "2008.??.??"]

1. c4 Nf6 2. Nf3 c5 3. g3 d5 4. cxd5 Nxd5 5. b3 Nc6 6. Bb2 f6 7. Bg2 e5 8. O-O
Be7 9. d3 Bg4 10. Nbd2 Qd7 11. Re1 O-O 12. Rc1 Rac8 13. Ne4 b6 14. Nc3 Nc7 15.
Qd2 Rfd8 16. Red1 Nd4 17. Nxd4 exd4 18. Nb1 Nd5 19. Qe1 Re8 20. Qf1 Bd8 21. Re1
b5 22. h3 Be6 23. Nd2 Ba5 24. Red1 Nc3 25. Bxc3 Bxc3 26. Ne4 Bb4 27. Rc2 Qe7
28. Kh2 f5 29. Nd2 Qd6 30. Qh1 Bxd2 31. Rcxd2 f4 32. Be4 fxg3+ 33. fxg3 Rf8 34.
Bf3 Rf6 35. Rf1 Bxh3 36. Bd5+ Be6 37. Rxf6 gxf6 38. Bxe6+ Qxe6 39. Qf3 Rd8 40.
Rc2 Rd5 41. Kg2 a6 42. Kg1 Kg7 43. Kg2 Re5 44. Kh2 Kg6 45. Kg2 h5 46. Kh2 Re3
47. Qg2 Qe5 0-1

[Event "London league"]
[Site "?"]
[Date "2008.03.10"]
[Round "?"]
[White "Stebbings, A."]
[Black "McKeown, P."]
[Result "1/2-1/2"]
[WhiteElo "2200"]
[BlackElo "2090"]
[PlyCount "57"]
[EventDate "2008.??.??"]

1. d4 d5 2. c4 c6 3. Nc3 Nf6 4. e3 e6 5. Nf3 Nbd7 6. Qc2 Bd6 7. b3 O-O 8. Be2
b6 9. O-O Bb7 10. Bb2 Rc8 11. e4 dxe4 12. Nxe4 Nxe4 13. Qxe4 Nf6 14. Qh4 c5 15.
Rad1 Qe7 16. Ne5 Rfd8 17. Bd3 h6 18. dxc5 Bxc5 19. Rfe1 Ba8 20. Ng4 Nxg4 21.
Qxg4 Qf8 22. Bc2 Bc6 23. Rd3 Rxd3 24. Bxd3 Rd8 25. Rd1 Be7 26. Kf1 f5 27. Qe2
Qf7 28. Bc2 Rxd1+ 29. Bxd1 1/2-1/2

[Event "Kent league"]
[Site "?"]
[Date "2008.03.29"]
[Round "?"]
[White "Stebbings, A."]
[Black "Allan, J."]
[Result "1-0"]
[WhiteElo "2200"]
[BlackElo "1940"]
[PlyCount "99"]
[EventDate "2008.??.??"]

1. e4 e5 2. Nf3 Nc6 3. Bb5 a6 4. Ba4 d6 5. c3 f5 6. exf5 Bxf5 7. d4 e4 8. Ng5
Nf6 9. Qb3 Qc8 10. Qf7+ Kd8 11. Bb3 d5 12. Bxd5 Qd7 13. Bb3 Bg6 14. Ne6+ Kc8
15. Qxd7+ Kxd7 16. Bf4 Na5 17. Nd2 Nxb3 18. Nxf8+ Rhxf8 19. axb3 Nd5 20. Be3
Nf4 21. Bxf4 Rxf4 22. Nc4 Ke6 23. O-O Raf8 24. Ra5 b6 25. Re5+ Kd7 26. b4 h6
27. Nd2 Bh7 28. g3 R4f6 29. Nxe4 Bxe4 30. Rxe4 g5 31. f3 Rxf3 32. Rxf3 Rxf3 33.
Kg2 Rf6 34. Re2 Kd6 35. Kh3 c5 36. bxc5+ bxc5 37. dxc5+ Kxc5 38. Kg4 Kc4 39.
Re4+ Kb3 40. Rb4+ Kc2 41. Kh5 a5 42. Rb5 a4 43. c4 Kd3 44. Rb4 Ra6 45. c5 Rc6
46. Rxa4 Rxc5 47. Kxh6 Rc2 48. Kxg5 Rxh2 49. Rb4 Rg2 50. g4 1-0

[Event "London league"]
[Site "?"]
[Date "2008.04.02"]
[Round "?"]
[White "Hamilton, R."]
[Black "Stebbings, A."]
[Result "1/2-1/2"]
[WhiteElo "2060"]
[BlackElo "2200"]
[PlyCount "47"]
[EventDate "2008.??.??"]

1. e4 c5 2. c3 Nf6 3. e5 Nd5 4. Nf3 e6 5. d4 cxd4 6. cxd4 d6 7. Nc3 Nxc3 8.
bxc3 Qc7 9. Bd2 Nc6 10. exd6 Bxd6 11. Bd3 e5 12. d5 Ne7 13. Bb5+ Bd7 14. Qb3
O-O 15. Bxd7 Qxd7 16. O-O Rfc8 17. Rfc1 Rc5 18. c4 b5 19. Bb4 bxc4 20. Qa3 Rxd5
21. Bxd6 Qxd6 22. Qxd6 Rxd6 23. Nxe5 Rc8 24. Rxc4 1/2-1/2

[Event "Kent league"]
[Site "?"]
[Date "2008.05.11"]
[Round "?"]
[White "Jones, V."]
[Black "Stebbings, A."]
[Result "1/2-1/2"]
[WhiteElo "2040"]
[BlackElo "2200"]
[PlyCount "59"]
[EventDate "2008.??.??"]

1. e4 c5 2. Nf3 e6 3. d4 cxd4 4. Nxd4 Nc6 5. Be3 Nf6 6. Nc3 Bb4 7. f3 d5 8. Bb5
Bd7 9. Bxc6 Bxc6 10. e5 Nd7 11. f4 Qh4+ 12. g3 Qh3 13. Qd2 f6 14. a3 Be7 15.
exf6 gxf6 16. O-O-O Nb6 17. Bf2 e5 18. fxe5 fxe5 19. Nxc6 bxc6 20. Bxb6 axb6
21. Nxd5 cxd5 22. Qxd5 Qh6+ 23. Kb1 Rd8 24. Qb5+ Kf7 25. Rhf1+ Bf6 26. Rd7+
Rxd7 27. Qxd7+ Kg6 28. Qf5+ Kg7 29. Qd7+ Kg6 30. Qf5+ 1/2-1/2

[Event "London league"]
[Site "?"]
[Date "2008.10.01"]
[Round "?"]
[White "Stebbings, A."]
[Black "MorrisHill, R."]
[Result "1/2-1/2"]
[WhiteElo "2234"]
[BlackElo "2026"]
[PlyCount "146"]
[EventDate "2008.??.??"]

1. d4 d6 2. e4 Nf6 3. Nc3 e5 4. Nf3 Nbd7 5. Bc4 Be7 6. O-O O-O 7. Re1 c6 8. a4
b6 9. b3 a6 10. Bb2 Bb7 11. Bf1 Qc7 12. g3 Rfe8 13. Bg2 Rac8 14. Qd2 Bf8 15.
Rad1 b5 16. Qc1 b4 17. Na2 c5 18. d5 Nb6 19. c4 bxc3 20. Nxc3 c4 21. b4 Qd7 22.
Qc2 Na8 23. Nd2 Rc7 24. Bf1 Rec8 25. Qb1 h5 26. Qa2 Qg4 27. Nxc4 h4 28. Rc1 Qg6
29. Nd2 Nh5 30. Ne2 Rc2 31. Red1 Be7 32. Qb3 hxg3 33. hxg3 R2c7 34. Rxc7 Rxc7
35. Rc1 f5 36. Rxc7 Nxc7 37. Qc2 Bd8 38. exf5 Qg4 39. Qe4 Nf4 40. Nxf4 exf4 41.
Be2 Qg5 42. Nf3 Qe7 43. Qxe7 Bxe7 44. Nd2 fxg3 45. fxg3 Bxd5 46. b5 axb5 47.
axb5 Bg5 48. Nf1 Bb7 49. Kf2 Kf7 50. Bd4 Bf6 51. Bb6 Nd5 52. Ba7 Nc3 53. Bc4+
d5 54. Bd3 Ke7 55. Nd2 Nd1+ 56. Ke1 Nb2 57. Bf1 Kd6 58. Nb3 Bc3+ 59. Ke2 Bc8
60. Bd4 Bxd4 61. Nxd4 Nc4 62. Bh3 Bd7 63. Kf3 Ke5 64. Nc6+ Bxc6 65. bxc6 Kd6
66. Kf4 Kxc6 67. Kg5 d4 68. Kg6 d3 69. Kxg7 Ne3 70. f6 d2 71. f7 d1=Q 72. f8=Q
Qd4+ 73. Qf6+ Kd5 1/2-1/2

[Event "London league"]
[Site "?"]
[Date "2008.10.15"]
[Round "?"]
[White "Hodgson, JH."]
[Black "Stebbings, A."]
[Result "1/2-1/2"]
[WhiteElo "2202"]
[BlackElo "2234"]
[PlyCount "41"]
[EventDate "2008.??.??"]

1. e4 c5 2. Nf3 e6 3. d4 cxd4 4. Nxd4 Nc6 5. Nc3 Qc7 6. Be2 a6 7. O-O Nf6 8.
Be3 Bb4 9. Na4 O-O 10. c4 Bd6 11. g3 Nxe4 12. Bf3 f5 13. c5 Be5 14. Bxe4 fxe4
15. Nc3 Bxd4 16. Bxd4 d5 17. cxd6 Qxd6 18. Be3 Qe5 19. Qg4 Qf5 20. Qxe4 e5 21.
Qxf5 1/2-1/2

[Event "Kent league"]
[Site "?"]
[Date "2008.11.04"]
[Round "?"]
[White "Duggan, J."]
[Black "Stebbings, A."]
[Result "1/2-1/2"]
[WhiteElo "2098"]
[BlackElo "2234"]
[PlyCount "40"]
[EventDate "2008.??.??"]

1. d4 Nf6 2. e3 g6 3. Nf3 Bg7 4. b3 O-O 5. Bb2 d5 6. c4 c5 7. Be2 Nc6 8. O-O
cxd4 9. Nxd4 Nxd4 10. Bxd4 dxc4 11. Bxc4 Bd7 12. Nd2 Bc6 13. Nf3 Qa5 14. Ne5
Bd5 15. Qe2 Bxc4 16. Nxc4 Qa6 17. Qb2 Rfd8 18. Rad1 Ne8 19. Bxg7 Nxg7 20. a4
Qe6 1/2-1/2

[Event "County match"]
[Site "?"]
[Date "2008.11.08"]
[Round "?"]
[White "McMichael, R."]
[Black "Stebbings, A."]
[Result "1-0"]
[WhiteElo "2226"]
[BlackElo "2234"]
[PlyCount "120"]
[EventDate "2008.??.??"]

1. b3 d5 2. Bb2 Bg4 3. f3 Bf5 4. e4 dxe4 5. Nc3 e3 6. dxe3 Qxd1+ 7. Rxd1 c6 8.
e4 Bg6 9. Nge2 e5 10. Nc1 Nd7 11. h4 h5 12. g3 Ngf6 13. Rh2 Bc5 14. Bh3 Ke7 15.
Na4 Bb4+ 16. c3 Ba5 17. Ba3+ Ke8 18. Rhd2 Rd8 19. Bd6 Nb6 20. Nxb6 Bxc3 21. Na4
Bxd2+ 22. Rxd2 Bxe4 23. Bxe5 Rxd2 24. Kxd2 Bxf3 25. Bxf6 gxf6 26. Ke3 Bh1 27.
Nd3 Kf8 28. Nc3 Kg7 29. Nf2 Re8+ 30. Nce4 Bxe4 31. Nxe4 Re5 32. Kd4 b6 33. a4
c5+ 34. Kd3 f5 35. Nc3 Kf6 36. Bg2 f4 37. Nd5+ Kf5 38. Bh3+ Kg6 39. Nxf4+ Kh6
40. Bg2 Re1 41. Bf3 Re5 42. Bxh5 Rxh5 43. Nxh5 Kxh5 44. Ke4 Kg4 45. Kd5 f5 46.
Kc6 Kxg3 47. h5 f4 48. h6 f3 49. h7 f2 50. h8=Q f1=Q 51. Qg8+ Kh2 52. Qh7+ Kg3
53. Qg8+ Kh2 54. Kb7 Qe1 55. Qh7+ Kg1 56. Qg6+ Kh2 57. Qh5+ Kg1 58. Kxa7 Qe7+
59. Ka6 Qd6 60. Qg4+ Kh2 1-0

[Event "London league"]
[Site "?"]
[Date "2008.11.12"]
[Round "?"]
[White "Kendall, P."]
[Black "Stebbings, A."]
[Result "0-1"]
[WhiteElo "1994"]
[BlackElo "2234"]
[PlyCount "74"]
[EventDate "2008.??.??"]

1. e4 c5 2. c3 Nf6 3. e5 Nd5 4. d4 cxd4 5. Nf3 e6 6. cxd4 d6 7. Nc3 Nxc3 8.
bxc3 Qc7 9. Bb5+ Bd7 10. Bxd7+ Nxd7 11. O-O dxe5 12. dxe5 Be7 13. Rb1 O-O 14.
Be3 b6 15. Bd4 Rac8 16. Qe2 Qb7 17. Rfd1 Rc7 18. a4 Rfc8 19. a5 Qc6 20. axb6
axb6 21. Nd2 Ra8 22. Ne4 Ra5 23. f4 Rca7 24. Qf3 Kf8 25. Nf6 Qxf3 26. Nxd7+
Rxd7 27. gxf3 b5 28. Ra1 Ra4 29. Rab1 Rd5 30. Kg2 Ke8 31. Kg3 Kd7 32. Bb6 Rxd1
33. Rxd1+ Kc6 34. Bd4 Ra2 35. Rb1 h5 36. Bg1 g6 37. Bd4 Bf8 0-1

[Event "County match"]
[Site "?"]
[Date "2008.11.22"]
[Round "?"]
[White "Stebbings, A."]
[Black "Winter, J."]
[Result "1-0"]
[WhiteElo "2234"]
[BlackElo "2170"]
[PlyCount "63"]
[EventDate "2008.??.??"]

1. e4 e5 2. Nf3 Nc6 3. Bb5 Nf6 4. Qe2 Bc5 5. c3 Qe7 6. d3 a6 7. Ba4 b5 8. Bb3
d6 9. Be3 Bb7 10. Nbd2 h6 11. Nh4 g6 12. g3 O-O-O 13. a4 b4 14. Bxc5 dxc5 15.
a5 Qd7 16. Bc4 Ne8 17. Nb3 Qe7 18. Qe3 Nd6 19. Qxc5 g5 20. Nf3 bxc3 21. bxc3
Nxc4 22. Qxc4 f5 23. Nfd2 Nb8 24. Nc5 Qd6 25. O-O Ba8 26. Rab1 h5 27. Rb2 h4
28. Rfb1 Nd7 29. Nxd7 Kxd7 30. Qf7+ Kc6 31. Rb6+ cxb6 32. Rxb6+ 1-0

[Event "London league"]
[Site "?"]
[Date "2008.11.26"]
[Round "?"]
[White "Stebbings, A."]
[Black "Compton, A."]
[Result "1-0"]
[WhiteElo "2234"]
[BlackElo "2082"]
[PlyCount "80"]
[EventDate "2008.??.??"]

1. e4 e6 2. d4 d5 3. Nd2 h6 4. Bd3 c5 5. dxc5 Bxc5 6. Ngf3 Nf6 7. Qe2 O-O 8.
O-O Nc6 9. a3 Re8 10. e5 Nd7 11. c4 Qc7 12. Re1 a6 13. b4 Bf8 14. Bb2 Nb6 15.
Rac1 Nxc4 16. Nxc4 dxc4 17. Rxc4 Bd7 18. h4 Qd8 19. Qe4 g6 20. h5 Ne7 21. hxg6
fxg6 22. Qg4 g5 23. Nxg5 hxg5 24. Qxg5+ Bg7 25. Rg4 Nf5 26. Bxf5 Qxg5 27. Rxg5
exf5 28. e6 Bxe6 29. Rxg7+ Kf8 30. Rxb7 Bd5 31. Rxe8+ Rxe8 32. Rd7 Re1+ 33. Kh2
Bc4 34. a4 Ke8 35. Rc7 Bb3 36. b5 Re2 37. Bd4 Rc2 38. Ra7 axb5 39. axb5 Ra2 40.
Rg7 Ra4 1-0